The Latin American economies : (Record no. 38901)

MARC details
000 -LEADER
campo de control de longitud fija 02521cam a2200505 a 4500
001 - NÚMERO DE CONTROL
campo de control 59219
005 - FECHA Y HORA DE LA ÚLTIMA TRANSACCIÓN
campo de control 20230410105537.0
008 - DATOS DE LONGITUD FIJA--INFORMACIÓN GENERAL
campo de control de longitud fija 820201s1985 nyua b 001 0 eng
010 ## - NÚMERO DE CONTROL DE LA BIBLIOTECA DEL CONGRESO
Número de control de LC 82001007
035 ## - NÚMERO DE CONTROL DEL SISTEMA
Número de control de sistema (OCoLC)ocm08195555
040 ## - FUENTE DE CATALOGACIÓN
Centro catalogador/agencia de origen DLC
Centro/agencia transcriptor DLC
Centro/agencia modificador EL$
-- MUQ
-- NLGGC
-- BAKER
-- OCLCQ
-- BTCTA
-- YDXCP
020 ## - NÚMERO INTERNACIONAL ESTÁNDAR DEL LIBRO
Número Internacional Estándar del Libro 0841907714
020 ## - NÚMERO INTERNACIONAL ESTÁNDAR DEL LIBRO
Número Internacional Estándar del Libro 9780841907713
029 1# - OTRO NÚMERO DE CONTROL DE SISTEMA (OCLC)
Identificador de la biblioteca OCLC NLGGC
Número de control de sistema 821038176
029 1# - OTRO NÚMERO DE CONTROL DE SISTEMA (OCLC)
Identificador de la biblioteca OCLC NZ1
Número de control de sistema 2995131
029 1# - OTRO NÚMERO DE CONTROL DE SISTEMA (OCLC)
Identificador de la biblioteca OCLC AU@
Número de control de sistema 000002176777
035 ## - NÚMERO DE CONTROL DEL SISTEMA
Número de control de sistema (OCoLC)8195555
043 ## - CÓDIGO DE ÁREA GEOGRÁFICA
Código de área geográfica cl-----
050 14 - SIGNATURA TOPOGRÁFICA DE LA BIBLIOTECA DEL CONGRESO
Número de clasificación HC125
Número de ítem .L357 1985
082 00 - NÚMERO DE LA CLASIFICACIÓN DECIMAL DEWEY
Número de clasificación 330.98/003
Número de edición 19
245 04 - MENCIÓN DEL TÍTULO
Título The Latin American economies :
Resto del título growth and the export sector, 1880-1930 /
Mención de responsabilidad, etc. edited by Roberto Cortâes Conde and Shane J. Hunt ; contributors, Joao Manoel Cardoso de Mello ... [et al.].
260 ## - PUBLICACIÓN, DISTRIBUCIÓN, ETC.
Lugar de publicación, distribución, etc. New York, NY :
Nombre del editor, distribuidor, etc. Holmes & Meier,
Fecha de publicación, distribución, etc. c1985.
300 ## - DESCRIPCIÓN FÍSICA
Extensión 387 p. :
Otras características físicas ill. ;
Dimensiones 24 cm.
500 ## - NOTA GENERAL
Nota general This volume was produced as the result of a collaborative project sponsored by the Joint Committee on Latin American Studies of the American Council of Learned Societies and the Social Science Research Council.
504 ## - NOTA DE BIBLIOGRAFÍA, ETC.
Nota de bibliografía, etc. Includes bibliographical references and index.
505 0# - NOTA DE CONTENIDO CON FORMATO
Nota de contenido con formato The transition to economic growth in Colombia / by William Paul McGreevy -- The capitalist export economy in Brazil, 1884-1930 / by Joao Manoel Cardoso de Mello and Maria da Conceicäao Tavares -- The growth of the nitrate industry and socio-economic change in Chile, 1880-1930 / by Carmen Cariola and Osvaldo Sunkel -- Growth and guano in nineteenth century Peru / by Shane J. Hunt -- The Argentine export economy, 1880-1920 / by Roberto Cortâes-Conde.
651 #0 - PUNTO DE ACCESO ADICIONAL DE MATERIA--NOMBRE GEOGRÁFICO
Nombre geográfico Latin America
Subdivisión general Economic conditions.
651 #0 - PUNTO DE ACCESO ADICIONAL DE MATERIA--NOMBRE GEOGRÁFICO
Nombre geográfico Latin America
Subdivisión general Commerce.
650 #0 - PUNTO DE ACCESO ADICIONAL DE MATERIA--TÉRMINO DE MATERIA
Término de materia o nombre geográfico como elemento de entrada Exports
Subdivisión geográfica Latin America.
651 #4 - PUNTO DE ACCESO ADICIONAL DE MATERIA--NOMBRE GEOGRÁFICO
Nombre geográfico Hispanoamerica
Subdivisión general Comercio
-- Discursos, ensayos, conferencias.
651 #6 - PUNTO DE ACCESO ADICIONAL DE MATERIA--NOMBRE GEOGRÁFICO
Nombre geográfico Amâerique latine
Subdivisión general Conditions âeconomiques.
651 #6 - PUNTO DE ACCESO ADICIONAL DE MATERIA--NOMBRE GEOGRÁFICO
Nombre geográfico Amâerique latine
Subdivisión general Commerce.
650 17 - PUNTO DE ACCESO ADICIONAL DE MATERIA--TÉRMINO DE MATERIA
Término de materia o nombre geográfico como elemento de entrada Economische geschiedenis.
Fuente del encabezamiento o término gtt
700 1# - ENTRADA AGREGADA--NOMBRE PERSONAL
Nombre de persona Cortes Condo, Roberto.
700 1# - ENTRADA AGREGADA--NOMBRE PERSONAL
Nombre de persona Hunt, Shane J.
700 1# - ENTRADA AGREGADA--NOMBRE PERSONAL
Nombre de persona Mello, Joäao Manuel Cardoso de.
710 2# - ENTRADA AGREGADA--NOMBRE DE ENTIDAD CORPORATIVA
Nombre de entidad corporativa o nombre de jurisdicción como elemento de entrada Joint Committee on Latin American Studies.
856 42 - LOCALIZACIÓN Y ACCESO ELECTRÓNICOS
Materiales especificados Mas?... busque en WorldCat (solo desde FUNGLODE)
Identificador Uniforme de Recursos <a href="www.firstsearch.oclc.org/fsip">www.firstsearch.oclc.org/fsip</a>
938 ## -
-- Baker & Taylor
-- BKTY
-- 64.50
-- 69.45
-- 0841907714
-- 0000720654
-- active
938 ## -
-- Baker and Taylor
-- BTCP
-- 82001007 //r952
938 ## -
-- YBP Library Services
-- YANK
-- 831097
942 ## - ELEMENTOS DE ENTRADA SECUNDARIOS (KOHA)
Fuente del sistema de clasificación o colocación Clasificación de Library of Congress
Tipo de ítem Koha
946 ## - PROCESAMIENTO DE INFORMACIÓN LOCAL (OCLC)
a mfcruz
994 ## -
-- C0
-- DRFGD
Holdings
Estatus retirado Estado de pérdida Fuente del sistema de clasificación o colocación Estado de daño No para préstamo Colección Biblioteca de origen Biblioteca actual Ubicación en estantería Fecha de adquisición Serial enumeration / chronology Signatura topográfica completa Código de barras Visto por última vez Copia número Tipo de ítem Koha
    Clasificación de Library of Congress     Ciencias Sociales Biblioteca Juan Bosch Biblioteca Juan Bosch Ciencias Sociales (3er. Piso) 10/04/2023 3 HC125 .L357 1985 00000060405 24/10/2018 1